The Joyful Mysteries Quiz - Statistics

General Stats
  • This quiz has been taken 7 times
  • The average score is 3 of 5
Answer Stats
Hint Answer % Correct
Jesus is born The Nativity
100%
Mary visits her cousin Elizabeth The Visitation
100%
Mary learns she will be Jesus' mother The Annunciation
75%
Mary and Joseph lost Jesus and find him in the temple The Finding of Jesus at the Temple
0%
Mary and Joseph bring baby Jesus to the temple The Presentation of Jesus at the Temple
0%
No matching quizzes found
Score Distribution
Percent of People with Each Score
Percentile by Number Answered
Your Score History
You have not taken this quiz